| 000 | 01105nam0a22002891 4500 | ||
|---|---|---|---|
| 001 | rc\4141119 | ||
| 005 | 20130415181615.2 | ||
| 021 |
_aRU _b[47-3090] |
||
| 035 | _a(NLR Aleph) 008163241 | ||
| 090 |
_a7807318 _c7807318 |
||
| 100 | _a20130415d1947 |||y0rusy50 ca | ||
| 101 | 0 | _arus | |
| 102 | _aRU | ||
| 105 | _aa z ||||| | ||
| 200 | 1 | _aГусеничный трактор СХТЗ-НАТИ (сельскохозяйственный) | |
| 205 | _a4-е изд., перераб. | ||
| 210 |
_aМосква _cСельхозгиз _d1947 _gОбразцовая тип. |
||
| 215 |
_a416 с., 1 отд. л. черт. _cил. _d22 |
||
| 225 | 1 | _aУчебники и учебные пособия для подготовки сельскохозяйственных кадров | |
| 300 | _aПеред загл. авт.: В.Г. Розанов | ||
| 606 |
_aТракторы гусеничные _2psbo |
||
| 700 | 1 |
_aРозанов _bВ. Г. _gВладимир Григорьевич |
|
| 801 | 0 |
_aRU _bNLR _gpsbo |
|
| 801 | 1 |
_aRU _bELAR _2rusmarc |
|
| 852 |
_aNLR _jС20 Г-5/44 |
||
| 942 | _cBOOK | ||
| 980 | _aNB | ||